Complex variables and the Laplace transform for engineers (Record no. 13856)

000 -LEADER
fixed length control field 00606nam a22002051 4500
001 - CONTROL NUMBER
control field 13856
003 - CONTROL NUMBER IDENTIFIER
control field BD-DhUET
008 - FIXED-LENGTH DATA ELEMENTS--GENERAL INFORMATION
fixed length control field 840622s1961 nyua b 000 0 eng
040 ## - CATALOGING SOURCE
Original cataloging agency DLC
Transcribing agency DLC
Modifying agency BD-DhUET
082 00 - DEWEY DECIMAL CLASSIFICATION NUMBER
Classification number 517.862
Item number LEP/1961
100 ## - MAIN ENTRY--PERSONAL NAME
Personal name LePage, Wilbur R.
245 10 - TITLE STATEMENT
Title Complex variables and the Laplace transform for engineers
250 ## - EDITION STATEMENT
Edition statement 1st ed.
260 ## - PUBLICATION, DISTRIBUTION, ETC. (IMPRINT)
Place of publication, distribution, etc. Bombay
Name of publisher, distributor, etc. McGraw-Hill
Date of publication, distribution, etc. 1961
300 ## - PHYSICAL DESCRIPTION
Extent xvi, 475 p.
Other physical details ill.
Dimensions 24 cm.
490 ## - SERIES STATEMENT
Series statement International series in pure and applied mathematics
504 ## - BIBLIOGRAPHY, ETC. NOTE
Bibliography, etc Includes bibliographies
650 #0 - SUBJECT ADDED ENTRY--TOPICAL TERM
Topical term or geographic name as entry element Calculus - Complex variables
942 ## - ADDED ENTRY ELEMENTS (KOHA)
Koha item type General Book
Holdings
Sublocation or collection (holding branch) Koha full call number Withdrawn status Price effective from Lost status Koha item type Not for loan Shelving location Date acquired Damaged status Location (home branch) Source of classification or shelving scheme Copy number Koha normalized classification for sorting Koha date last seen Piece designation (barcode)
Central Library, BUET517.862/LEP/1961 2015-03-05 General Book Circulation section2015-03-05 Central Library, BUET 1517_862000000000000_LEP_19612015-03-0540116
Central Library, BUET517.862/LEP/1961 2015-03-05 General Book Circulation section2015-03-05 Central Library, BUET 2517_862000000000000_LEP_19612015-03-0524385
Central Library, BUET517.862/LEP/1961 2015-03-07 General Book Circulation section2015-03-07 Central Library, BUET 3517_862000000000000_LEP_19612015-03-076374
Central Library, BUET517.862/LEP/1961 2015-03-07 General Book Circulation section2015-03-07 Central Library, BUET 4517_862000000000000_LEP_19612015-03-0751027
Central Library, BUET517.862/LEP/1961 2015-03-07 General Book Circulation section2015-03-07 Central Library, BUET 5517_862000000000000_LEP_19612015-03-0720963
Central Library, BUET517.862/LEP/1961 2015-03-07 General Book Circulation section2015-03-07 Central Library, BUET 6517_862000000000000_LEP_19612015-03-0742659
Central Library, BUET517.862/LEP/1961 2015-03-07 General Book Circulation section2015-03-07 Central Library, BUET 7517_862000000000000_LEP_19612015-03-0740115
Central Library, BUET517.862/LEP/1961 2015-03-07 General Book Circulation section2015-03-07 Central Library, BUET 8517_862000000000000_LEP_19612015-03-0739671
Central Library, BUET517.862/LEP/1961 2015-03-07 General Book Circulation section2015-03-07 Central Library, BUET 9517_862000000000000_LEP_19612015-03-0739670
Central Library, BUET517.862/LEP/1961 2015-03-07 General Book Circulation section2015-03-07 Central Library, BUET 10517_862000000000000_LEP_19612015-03-0742660
Central Library, BUET517.862/LEP/1961 2015-03-09 General Book Circulation section2015-03-09 Central Library, BUET 11517_862000000000000_LEP_19612015-03-0942661
Central Library, BUET517.862/LEP/1961 2015-03-09 General Book Circulation section2015-03-09 Central Library, BUET 12517_862000000000000_LEP_19612015-03-0951026
Central Library, BUET517.862/LEP/1961 2015-05-03 General Book Circulation section2015-05-03 Central Library, BUET 13517_862000000000000_LEP_19612015-05-032039
Central Library, BUET517.862/LEP/1961 2015-05-03 General Book Circulation section2015-05-03 Central Library, BUET 14517_862000000000000_LEP_19612015-05-036375
Central Library, BUET517.862/LEP/1961 2015-05-03 General Book Circulation section2015-05-03 Central Library, BUET 15517_862000000000000_LEP_19612015-05-032041
Central Library, BUET517.862/LEP/1961 2015-05-03 General Book Circulation section2015-05-03 Central Library, BUET 16517_862000000000000_LEP_19612015-05-032040